000 01221nam a2200277 i 4500
003 CSPC
005 20241010171100.0
008 241010s2010 ii a 001 0 eng d
020 _a9788185749563
040 _cCSPC
_aCSPC
_beng
_erda
082 4 _a658.5
_bV59p
_223
100 1 _aVerma, A.P.,
_eauthor.
245 1 0 _aProduction management :
_bfor engineering diploma students and MBA courses /
_cA.P Verma.
264 1 _aNew Delhi :
_bS.K. Kataria & Sons,
_c2010 ; Reprint 2019.
300 _axiv, 340 pages :
_billustrations ;
_c24 cm.
336 _atext
_2rdacontent
337 _aunmediated
_2rdamedia
338 _avolume
_2rdacarrier
500 _aIncludes index.
505 0 _aWork study -- Plant layout -- Material handling -- Production planning and control -- Inspection and quality control -- Standards and codes -- Repair & maintenance -- Cost estimation -- Value engineering -- Accidents and safety -- Environmental engineering.
650 0 _aProduction management.
650 0 _aOperations management.
650 0 _aIndustrial engineering.
942 _2ddc
_n0
_cBK
_e23
_h658.5
_iV59p
_kGRD
_m2010
999 _c28377
_d28377